00929nam a22002417a 4500003000500000005001700005008004100022010001100063011001100074035001100085040000900096100002800105245017300133260004000306500006000346502008700406650002900493650003000522650003100552650000900583700003100592856006400623CHAP20220329143838.0111213s2011 mx r 00010 spa d a102684 a103656 a114345 cCHAP1 aHerrera Ramos, Cristina10aIndicadores de restauración entre una plantación y un bosque en las cruces, Chapingo, Méxicoh[En línea]c/por Cristina Herrera Ramos y Rafael de Jesús Amador aChapingo, Méx. :bEl autor,c2011 aPara ver el contenido del material haga clic en la liga aTesis (Ing. en Restauración Forestal) -- UACH. División de Ciencias Forestales14aBosquesxRegeneración.14aBosqueszMéxico (Edo.).14aPlantación de árboles.14aUACH1 aJesús Amador, Rafael de. 3Finding aiduhttp://10.13.5.2/tesis/114345.pdfzTeclea aqui